[Event "Lvov Ukrainian Chess Warriors"]
[Site "Lvov"]
[Date "2024.03.15"]
[Round "6"]
[White "Vinogradnik, Vladimir"]
[Black "Baziuk, Vladyslav"]
[Result "0-1"]
[WhiteElo "2036"]
[BlackElo "2211"]
[PlyCount "50"]
[EventDate "2024.03.15"]
[EventType "swiss (rapid)"]
[EventRounds "8"]
[EventCountry "UKR"]
[SourceTitle "CB12_2024"]
[SourceDate "2023.10.01"]
[SourceVersion "1"]
[SourceVersionDate "2023.10.01"]
[SourceQuality "1"]

1. e4 c6 2. d3 d5 3. Nd2 e5 4. Ngf3 Bd6 5. g3 Nf6 6. Bg2 0-0 7. 0-0 Re8 8. Re1 Nbd7 9. d4 dxe4 10. Nxe4 Nxe4 11. dxe5 Nxe5 12. Rxe4 Nxf3+ 13. Bxf3 Rxe4 14. Bxe4 Be6 15. Qd3 h6 16. Be3 Qc7 17. Rd1 Be5 18. Bxa7 f5 19. Bxf5 Bxf5 20. Qxf5 Rxa7 21. Qe6+ Kh7 22. Qf5+ g6 23. Rd7+ Bg7 24. Qf7 Qe5 25. Rd8 h5 0-1

[Event "Titled Tuesday intern op 23rd Jan Late"]
[Site "Chess.com INT"]
[Date "2024.01.23"]
[Round "5"]
[White "Baziuk, Vladyslav"]
[Black "Ibarra Jerez, Jose Carlos"]
[Result "0-1"]
[WhiteElo "2211"]
[BlackElo "2559"]
[PlyCount "102"]
[EventDate "2024.01.23"]
[EventType "swiss (blitz)"]
[EventRounds "11"]
[EventCountry "USA"]
[SourceTitle "CB05_2024"]
[SourceDate "2024.01.31"]
[SourceVersion "1"]
[SourceVersionDate "2024.01.31"]
[SourceQuality "1"]

1. e4 c5 2. Nf3 e6 3. d4 cxd4 4. Nxd4 Bc5 5. Be3 Qb6 6. Nc3 Nc6 7. Na4 Qa5+ 8. c3 Bxd4 9. Bxd4 Nxd4 10. Qxd4 e5 11. Qb4 Qxb4 12. cxb4 Nf6 13. Nc3 d6 14. Bc4 Be6 15. Bxe6 fxe6 16. 0-0-0 Ke7 17. Rhe1 Rac8 18. Kc2 Rc6 19. Kb3 Rhc8 20. f3 g5 21. h3 h5 22. Rd3 Rg8 23. Red1 Ne8 24. a4 Rg7 25. b5 Rc8 26. Kb4 Kf6 27. g4 h4 28. Kb3 Rd7 29. R1d2 Ke7 30. Rd1 Rdd8 31. R1d2 Nf6 32. Rd1 Nh7 33. R1d2 Nf8 34. Rd1 Ng6 35. Ne2 Rd7 36. Kb4 Rcd8 37. Kc4 Kf6 38. b4 Ne7 39. Nc3 Nc8 40. a5 Ne7 41. Kb3 Ng6 42. Ne2 d5 43. Rc3 d4 44. Rcd3 Rc8 45. b6 axb6 46. axb6 Rd6 47. R3d2 Rxb6 48. Ra1 Nf4 49. Nxf4 Rc3+ 50. Kb2 Rxb4+ 51. Ka2 exf4 0-1

[Event "Titled Tuesday intern op 16th Jan Early"]
[Site "Chess.com INT"]
[Date "2024.01.16"]
[Round "6"]
[White "Baziuk, Vladyslav"]
[Black "Balla, Tamas Kristof"]
[Result "1-0"]
[WhiteElo "2211"]
[BlackElo "2283"]
[PlyCount "131"]
[EventDate "2024.01.16"]
[EventType "swiss (blitz)"]
[EventRounds "11"]
[EventCountry "USA"]
[SourceTitle "CB04_2024"]
[SourceDate "2023.10.16"]
[SourceVersion "1"]
[SourceVersionDate "2023.10.16"]
[SourceQuality "1"]

1. Nf3 c5 2. c4 Nc6 3. g3 g6 4. Bg2 Bg7 5. 0-0 e6 6. e4 Nge7 7. Nc3 0-0 8. d3 d6 9. Bd2 Nd4 10. a3 Nec6 11. Rb1 a5 12. Nxd4 Nxd4 13. Ne2 Nxe2+ 14. Qxe2 b6 15. Bc3 e5 16. b4 axb4 17. axb4 Be6 18. Ra1 Qd7 19. Qb2 Bh3 20. b5 Bxg2 21. Kxg2 Qb7 22. f4 f5 23. fxe5 fxe4 24. exd6 exd3+ 25. Kg1 Rxa1 26. Rxa1 Qf3 27. Bxg7 Qe3+ 28. Kg2 Qf3+ 29. Kg1 Qe3+ 30. Kh1 Qf3+ 31. Qg2 Kxg7 32. Qxf3 Rxf3 33. d7 Rf8 34. Rd1 Rd8 35. Rxd3 Kf6 36. Rd6+ Ke7 37. Rxb6 Rxd7 38. Rc6 Rd2 39. Rxc5 Kd6 40. Rc6+ Kd7 41. Kg1 Rc2 42. h4 h6 43. Rxg6 Rxc4 44. Rxh6 Rc2 45. b6 Rb2 46. Rf6 Ke7 47. Rf2 Rxb6 48. Kg2 Rb3 49. Kh3 Rb4 50. Rf4 Rb1 51. Kg4 Rb5 52. h5 Rb6 53. Kh4 Re6 54. g4 Re1 55. Kg5 Re5+ 56. Rf5 Re6 57. Ra5 Kf7 58. Ra7+ Kg8 59. h6 Rc6 60. Kh5 Rc8 61. g5 Rc5 62. Re7 Ra5 63. Re6 Kf7 64. Rf6+ Kg8 65. Kg6 Ra7 66. h7+ 1-0

[Event "Titled Tuesday intern op 16th Jan Early"]
[Site "Chess.com INT"]
[Date "2024.01.16"]
[Round "5"]
[White "Kashefi, Amir Hossein"]
[Black "Baziuk, Vladyslav"]
[Result "1-0"]
[WhiteElo "2193"]
[BlackElo "2211"]
[PlyCount "55"]
[EventDate "2024.01.16"]
[EventType "swiss (blitz)"]
[EventRounds "11"]
[EventCountry "USA"]
[SourceTitle "CB04_2024"]
[SourceDate "2023.10.16"]
[SourceVersion "1"]
[SourceVersionDate "2023.10.16"]
[SourceQuality "1"]

1. d4 Nf6 2. Nf3 e6 3. Bg5 c5 4. e3 Nc6 5. c3 b6 6. Nbd2 Bb7 7. Bd3 h6 8. Bh4 Be7 9. 0-0 0-0 10. Qe2 d5 11. Rad1 Rc8 12. dxc5 bxc5 13. e4 Re8 14. Rfe1 Nxe4 15. Nxe4 Bxh4 16. Nxc5 Ba8 17. Bb1 Bf6 18. Ne4 Be7 19. Ng3 g6 20. Bxg6 fxg6 21. Qxe6+ Kg7 22. Rxd5 Qb6 23. Rd7 Rc7 24. Nh4 Rxd7 25. Qxg6+ Kf8 26. Qxh6+ Kf7 27. Qh7+ Kf8 28. Ng6# 1-0

[Event "Titled Tuesday intern op 16th Jan Early"]
[Site "Chess.com INT"]
[Date "2024.01.16"]
[Round "2"]
[White "Mazurkiewicz, Michal"]
[Black "Baziuk, Vladyslav"]
[Result "0-1"]
[WhiteElo "2145"]
[BlackElo "2211"]
[PlyCount "132"]
[EventDate "2024.01.16"]
[EventType "swiss (blitz)"]
[EventRounds "11"]
[EventCountry "USA"]
[SourceTitle "CB04_2024"]
[SourceDate "2023.10.16"]
[SourceVersion "1"]
[SourceVersionDate "2023.10.16"]
[SourceQuality "1"]

1. e4 c5 2. Nf3 Nc6 3. g3 g6 4. Bg2 Bg7 5. 0-0 e6 6. d3 Nge7 7. c3 0-0 8. d4 cxd4 9. cxd4 d5 10. e5 b6 11. Nc3 Ba6 12. Re1 Rc8 13. Qa4 Bb7 14. Nb5 Qd7 15. Nd6 Rb8 16. Nxb7 Qxb7 17. Bf4 b5 18. Qa3 Rfc8 19. Rac1 Bf8 20. Qd3 Nb4 21. Qb1 Rxc1 22. Rxc1 Rc8 23. Rc3 a6 24. Bf1 Nbc6 25. g4 Na5 26. Qc1 Rxc3 27. Qxc3 Nec6 28. b3 Bb4 29. Qe3 Qb6 30. Bg5 Bf8 31. Bf6 Nb8 32. Qf4 h6 33. Bd3 Nac6 34. h4 Nd7 35. h5 Nxf6 36. Qxf6 Bg7 37. Qf4 g5 38. Nxg5 hxg5 39. Qxg5 Qxd4 40. h6 Qxe5 41. Qxg7+ Qxg7 42. hxg7 Kxg7 43. f4 Nb4 44. Bb1 f6 45. Kf2 e5 46. Ke3 Nc6 47. g5 Kf7 48. gxf6 Kxf6 49. fxe5+ Kxe5 50. a3 a5 51. Kd2 b4 52. axb4 axb4 53. Kd3 Ne7 54. Ke3 Nc8 55. Kd3 Nb6 56. Ke3 Nd7 57. Kd3 Nc5+ 58. Kc2 Kd4 59. Kb2 Ke3 60. Bh7 d4 61. Bg8 d3 62. Kc1 d2+ 63. Kd1 Ne4 64. Bc4 Nc3+ 65. Kc2 d1Q+ 66. Kb2 Qb1# 0-1

[Event "Titled Tuesday intern op 16th Jan Late"]
[Site "Chess.com INT"]
[Date "2024.01.16"]
[Round "6"]
[White "Urbina Perez, Juan Antonio"]
[Black "Baziuk, Vladyslav"]
[Result "0-1"]
[WhiteElo "2266"]
[BlackElo "2211"]
[PlyCount "90"]
[EventDate "2024.01.16"]
[EventType "swiss (blitz)"]
[EventRounds "11"]
[EventCountry "USA"]
[SourceTitle "CB04_2024"]
[SourceDate "2023.10.16"]
[SourceVersion "1"]
[SourceVersionDate "2023.10.16"]
[SourceQuality "1"]

1. d4 Nf6 2. Nf3 e6 3. c4 c5 4. d5 exd5 5. cxd5 g6 6. Nc3 d6 7. h3 Bg7 8. Bf4 a6 9. a4 0-0 10. e3 Re8 11. Be2 Bf5 12. 0-0 Ne4 13. Nxe4 Bxe4 14. Qb3 Bxf3 15. Bxf3 Qc7 16. Rfc1 Nd7 17. a5 Rab8 18. Rc2 b5 19. axb6 Rxb6 20. Qc4 Qb7 21. Ra2 Ne5 22. Bxe5 Bxe5 23. Be2 Ra8 24. g3 a5 25. f4 Bxb2 26. e4 Rb4 27. Qd3 a4 28. Bf3 a3 29. Qe2 Bd4+ 30. Kg2 Qe7 31. Qd3 Rb2 32. Rcxb2 Bxb2 33. e5 Rb8 34. e6 Rb4 35. f5 Rd4 36. Qc2 Kg7 37. fxg6 hxg6 38. exf7 Qxf7 39. h4 Qf6 40. Qb3 Rd2+ 41. Kh3 Qf5+ 42. Bg4 Qe4 43. Qb7+ Kh6 44. Be6 Qg2+ 45. Kg4 Rd4# 0-1

[Event "Titled Tuesday intern op 09th Jan Early"]
[Site "Chess.com INT"]
[Date "2024.01.09"]
[Round "7"]
[White "Bogumil, Tatiana"]
[Black "Baziuk, Vladyslav"]
[Result "0-1"]
[WhiteElo "2090"]
[BlackElo "2211"]
[PlyCount "56"]
[EventDate "2024.01.09"]
[EventType "swiss (blitz)"]
[EventRounds "11"]
[EventCountry "USA"]
[SourceTitle "CB03_2024"]
[SourceDate "2024.01.17"]
[SourceVersion "1"]
[SourceVersionDate "2024.01.17"]
[SourceQuality "1"]

1. Nf3 c5 2. c4 Nc6 3. d4 cxd4 4. Nxd4 Nf6 5. Nc3 e6 6. a3 Be7 7. e4 0-0 8. Be2 d5 9. cxd5 exd5 10. Nxc6 bxc6 11. exd5 cxd5 12. Be3 Be6 13. 0-0 a5 14. Nb5 Ne4 15. Bd4 Rb8 16. a4 Bf6 17. Rc1 h6 18. Qd3 Bf5 19. Qb3 Bxd4 20. Rcd1 Bxf2+ 21. Rxf2 Nxf2 22. Kxf2 Qb6+ 23. Kf1 Be4 24. Qc3 Rfe8 25. Qd4 Qg6 26. Bf3 Bxf3 27. gxf3 Qh5 28. Rd3 Qxh2 0-1

[Event "Titled Tuesday intern op 12th Dec Early"]
[Site "Chess.com INT"]
[Date "2023.12.12"]
[Round "6"]
[White "Baziuk, Vladyslav"]
[Black "Ambartsumova, Karina"]
[Result "1-0"]
[WhiteElo "2211"]
[BlackElo "2418"]
[PlyCount "83"]
[EventDate "2023.12.12"]
[EventType "swiss (blitz)"]
[EventRounds "11"]
[EventCountry "USA"]
[SourceTitle "CB51_2023"]
[SourceDate "2023.12.20"]
[SourceVersion "1"]
[SourceVersionDate "2023.12.20"]
[SourceQuality "1"]

1. e4 e5 2. Nf3 Nc6 3. Bc4 Nf6 4. d4 exd4 5. e5 d5 6. Bb5 Ne4 7. Nxd4 Bd7 8. Bxc6 bxc6 9. 0-0 Bc5 10. f3 Ng5 11. Be3 0-0 12. f4 Ne4 13. Nd2 f6 14. Nxe4 dxe4 15. Qd2 Qe7 16. exf6 Qxf6 17. b4 Bd6 18. c4 Rad8 19. c5 Be7 20. Qc2 Bf5 21. Rad1 Kh8 22. Qa4 Bg4 23. Rd2 Bd7 24. Qxa7 Rc8 25. Qa4 Ra8 26. Qc2 Bf5 27. a4 Rfb8 28. b5 cxb5 29. axb5 Re8 30. Rb1 Bg6 31. Rdd1 Qf7 32. b6 cxb6 33. cxb6 Ra2 34. Rb2 Rxb2 35. Qxb2 Bc5 36. b7 Rb8 37. Nc6 Bxe3+ 38. Kh1 Bxf4 39. Nxb8 h5 40. Nc6 Qf5 41. Ne7 Qg4 42. Rf1 1-0

[Event "Titled Tuesday intern op 12th Dec Early"]
[Site "Chess.com INT"]
[Date "2023.12.12"]
[Round "4"]
[White "Baziuk, Vladyslav"]
[Black "Harshavardhan, GB."]
[Result "1-0"]
[WhiteElo "2211"]
[BlackElo "2390"]
[PlyCount "51"]
[EventDate "2023.12.12"]
[EventType "swiss (blitz)"]
[EventRounds "11"]
[EventCountry "USA"]
[SourceTitle "CB51_2023"]
[SourceDate "2023.12.20"]
[SourceVersion "1"]
[SourceVersionDate "2023.12.20"]
[SourceQuality "1"]

1. e4 e6 2. d4 d5 3. e5 Bd7 4. Nf3 a6 5. Bd3 Bb5 6. 0-0 Bxd3 7. Qxd3 Ne7 8. b3 Nf5 9. c4 c6 10. c5 Be7 11. g4 Nh4 12. Nxh4 Bxh4 13. f4 Be7 14. f5 Nd7 15. fxe6 fxe6 16. Qf3 Rf8 17. Qh3 Rxf1+ 18. Kxf1 Nf8 19. Nc3 g6 20. Bh6 Qa5 21. Na4 0-0-0 22. Ke2 Nd7 23. Bd2 Qc7 24. Rf1 b5 25. cxb6 Nxb6 26. Ba5 1-0

[Event "Titled Tuesday intern op 12th Dec Early"]
[Site "Chess.com INT"]
[Date "2023.12.12"]
[Round "1"]
[White "Baziuk, Vladyslav"]
[Black "Vokhidov, Shamsiddin"]
[Result "0-1"]
[WhiteElo "2211"]
[BlackElo "2596"]
[PlyCount "90"]
[EventDate "2023.12.12"]
[EventType "swiss (blitz)"]
[EventRounds "11"]
[EventCountry "USA"]
[SourceTitle "CB51_2023"]
[SourceDate "2023.12.20"]
[SourceVersion "1"]
[SourceVersionDate "2023.12.20"]
[SourceQuality "1"]

1. e4 c5 2. Nf3 d6 3. d4 cxd4 4. Nxd4 Nf6 5. Nc3 Nc6 6. Be2 e5 7. Nb3 Be7 8. 0-0 0-0 9. Re1 Be6 10. Bf3 Rc8 11. Be3 Na5 12. Nxa5 Qxa5 13. Qd3 a6 14. Bg5 Rfd8 15. Bxf6 Bxf6 16. a3 Bg5 17. g3 Bc4 18. Qd1 b5 19. h4 Bh6 20. Bg4 Rc6 21. Nd5 Bxd5 22. exd5 Rc4 23. c3 Qb6 24. Qf3 g6 25. h5 Bg5 26. hxg6 hxg6 27. Kg2 Qc7 28. Rh1 Qe7 29. Rh3 e4 30. Qe2 Qe5 31. Rah1 Bf6 32. Rh6 Bg7 33. R6h4 Qxd5 34. Qe3 Re8 35. Bd7 Re7 36. Bg4 Qe5 37. Rh7 d5 38. Be2 Rc6 39. g4 d4 40. cxd4 Qxd4 41. Qh3 Rc2 42. Rh8+ Bxh8 43. Qh7+ Kf8 44. Qxh8+ Qxh8 45. Rxh8+ Kg7 0-1

[Event "Titled Tuesday intern op 12th Dec Early"]
[Site "Chess.com INT"]
[Date "2023.12.12"]
[Round "5"]
[White "Pakleza, Zbigniew"]
[Black "Baziuk, Vladyslav"]
[Result "1-0"]
[WhiteElo "2482"]
[BlackElo "2211"]
[PlyCount "60"]
[EventDate "2023.12.12"]
[EventType "swiss (blitz)"]
[EventRounds "11"]
[EventCountry "USA"]
[SourceTitle "CB51_2023"]
[SourceDate "2023.12.20"]
[SourceVersion "1"]
[SourceVersionDate "2023.12.20"]
[SourceQuality "1"]

1. d4 c5 2. c3 Nf6 3. Nf3 cxd4 4. cxd4 b6 5. Nc3 Bb7 6. Bf4 g6 7. e3 Bg7 8. h3 0-0 9. Be2 d6 10. 0-0 Nbd7 11. Qa4 Ne4 12. Nxe4 Bxe4 13. Rac1 Bb7 14. Rc2 e5 15. Bg5 f6 16. Bh4 Rc8 17. Rxc8 Qxc8 18. Qxa7 Qc6 19. Bb5 Qxb5 20. Qxb7 h6 21. b3 Rf7 22. Rc1 f5 23. Rc7 g5 24. Bxg5 hxg5 25. Nxg5 Re7 26. Qc8+ Bf8 27. d5 Qxd5 28. Rxd7 Rxd7 29. Qxd7 Bg7 30. Qe8+ Bf8 1-0

[Event "Titled Tuesday intern op 14th Nov Early"]
[Site "Chess.com INT"]
[Date "2023.11.14"]
[Round "1"]
[White "Le, Tuan Minh"]
[Black "Baziuk, Vladyslav"]
[Result "1-0"]
[WhiteElo "2567"]
[BlackElo "2211"]
[PlyCount "43"]
[EventDate "2023.11.14"]
[EventType "swiss (blitz)"]
[EventRounds "11"]
[EventCountry "USA"]
[SourceTitle "CB47_2023"]
[SourceDate "2023.11.22"]
[SourceVersion "1"]
[SourceVersionDate "2023.11.22"]
[SourceQuality "1"]

1. d4 Nf6 2. Nf3 e6 3. Bf4 d5 4. e3 c5 5. c3 Nc6 6. Nbd2 Be7 7. Bd3 h6 8. 0-0 0-0 9. Qe2 cxd4 10. exd4 b6 11. Rfe1 Bb7 12. Ne5 Nd7 13. Nxd7 Qxd7 14. Qg4 Kh8 15. Qh5 f5 16. Bxh6 gxh6 17. Qxh6+ Kg8 18. Rxe6 Nd8 19. Qg6+ Kh8 20. Qh5+ Kg8 21. Rg6+ Kf7 22. Rd6+ 1-0

[Event "Titled Tuesday intern op 14th Nov Early"]
[Site "Chess.com INT"]
[Date "2023.11.14"]
[Round "3"]
[White "Niemann, Hans Moke"]
[Black "Baziuk, Vladyslav"]
[Result "1-0"]
[WhiteElo "2659"]
[BlackElo "2211"]
[PlyCount "121"]
[EventDate "2023.11.14"]
[EventType "swiss (blitz)"]
[EventRounds "11"]
[EventCountry "USA"]
[SourceTitle "CB47_2023"]
[SourceDate "2023.11.22"]
[SourceVersion "1"]
[SourceVersionDate "2023.11.22"]
[SourceQuality "1"]

1. e4 e6 2. d4 d5 3. Nc3 Bb4 4. Nge2 dxe4 5. a3 Bxc3+ 6. Nxc3 Nf6 7. Bg5 h6 8. Bh4 Nc6 9. Bb5 Bd7 10. Nxe4 g5 11. Nxf6+ Qxf6 12. Bg3 Qg6 13. Bxc7 Qe4+ 14. Qe2 Qxe2+ 15. Bxe2 Nxd4 16. Bd3 f6 17. c3 Nc6 18. Bg6+ Ke7 19. 0-0-0 f5 20. Rhe1 Rac8 21. Bd6+ Kf6 22. Bh5 e5 23. Bxe5+ Nxe5 24. Rd5 Be8 25. Bd1 Nc6 26. Bc2 Rd8 27. Rxf5+ Kg7 28. Rb5 b6 29. f3 Nd4 30. Rbe5 Nxc2 31. Kxc2 Bg6+ 32. Kb3 Rd2 33. Re7+ Bf7+ 34. c4 Rhd8 35. Rxa7 R8d3+ 36. Ka4 Kg6 37. b3 Rb2 38. Ree7 Rbxb3 39. Rxf7 Rxa3+ 40. Kb5 Rdb3+ 41. Kc6 Rxa7 42. Rxa7 Rb2 43. g4 h5 44. h3 hxg4 45. fxg4 Rb3 46. Rd7 Kf6 47. Rd5 Rb4 48. Rf5+ Kg6 49. Kd5 Rb3 50. Kc6 Rb4 51. Kd5 Rb3 52. Re5 Rd3+ 53. Kc6 Rxh3 54. Kxb6 Rc3 55. Re4 Rb3+ 56. Kc6 Kf6 57. c5 Rb1 58. Kc7 Rc1 59. c6 Kf7 60. Kd7 Rd1+ 61. Kc8 1-0

[Event "Titled Tuesday intern op 14th Nov Early"]
[Site "Chess.com INT"]
[Date "2023.11.14"]
[Round "6"]
[White "Rozman, Levy"]
[Black "Baziuk, Vladyslav"]
[Result "1-0"]
[WhiteElo "2322"]
[BlackElo "2211"]
[PlyCount "157"]
[EventDate "2023.11.14"]
[EventType "swiss (blitz)"]
[EventRounds "11"]
[EventCountry "USA"]
[SourceTitle "CB47_2023"]
[SourceDate "2023.11.22"]
[SourceVersion "1"]
[SourceVersionDate "2023.11.22"]
[SourceQuality "1"]

1. e4 c5 2. a3 Nc6 3. b4 e5 4. b5 Nd4 5. c3 Ne6 6. Nf3 d6 7. Bc4 g6 8. d4 cxd4 9. cxd4 exd4 10. 0-0 Bg7 11. Bb2 Nf6 12. Nxd4 0-0 13. Re1 Qb6 14. a4 Ng4 15. Bxe6 Bxe6 16. h3 Ne5 17. Na3 Rac8 18. Nac2 Nc4 19. Bc3 Rfd8 20. a5 Qc5 21. Nxe6 fxe6 22. Bxg7 Kxg7 23. Qd4+ Ne5 24. Qxc5 Rxc5 25. Nd4 Kf7 26. a6 b6 27. f4 Nd3 28. Red1 Nb2 29. Rdb1 Nc4 30. Nc6 Rd7 31. Rc1 Nd2 32. Rxc5 bxc5 33. b6 axb6 34. a7 Rxa7 35. Rxa7+ Kf6 36. e5+ dxe5 37. fxe5+ Kf5 38. Rxh7 c4 39. Rb7 c3 40. Rxb6 Ke4 41. Nb4 Kxe5 42. Rc6 Kd4 43. Rxe6 Nc4 44. Rxg6 Kc5 45. Nc2 Kd5 46. Rg5+ Ke4 47. Rc5 Kd3 48. h4 Nd6 49. Rd5+ Kxc2 50. Rxd6 Kb2 51. h5 c2 52. Rc6 c1Q+ 53. Rxc1 Kxc1 54. h6 Kd1 55. h7 Ke1 56. h8N Ke2 57. Ng6 Ke1 58. Nh4 Ke2 59. g4 Ke3 60. g5 Kf4 61. g6 Ke5 62. g7 Kf4 63. g8R Ke3 64. Kg2 Kd4 65. Kg3 Ke5 66. Rg4 Kd5 67. Kf3 Ke6 68. Ke4 Kd6 69. Rg5 Ke7 70. Ke5 Kd7 71. Nf3 Ke7 72. Rg7+ Kf8 73. Kf6 Ke8 74. Ne5 Kd8 75. Ke6 Kc8 76. Kd6 Kb8 77. Kc6 Ka8 78. Kb6 Kb8 79. Rg8# 1-0

[Event "EU-ch U18 rapid"]
[Site "Terme Catez"]
[Date "2023.09.28"]
[Round "3"]
[White "Goroshkov, Maksym"]
[Black "Baziuk, Vladyslav"]
[Result "1-0"]
[WhiteElo "2307"]
[BlackElo "1990"]
[PlyCount "79"]
[EventDate "2023.09.28"]
[EventType "swiss (rapid)"]
[EventRounds "9"]
[EventCountry "SLO"]
[SourceTitle "EXT 2024"]
[Source "ChessBase"]
[SourceDate "2023.10.10"]
[SourceVersion "1"]
[SourceVersionDate "2023.10.10"]
[SourceQuality "1"]

1. Nf3 c5 2. b3 Nc6 3. Bb2 d6 4. e3 e5 5. d4 cxd4 6. exd4 e4 7. Nfd2 Nf6 8. Be2 d5 9. 0-0 Bd6 10. c4 0-0 11. cxd5 Nb4 12. Nc3 Re8 13. Nc4 Nbxd5 14. Nb5 Bf8 15. Ne5 a6 16. Nc3 Nxc3 17. Bxc3 Nd5 18. Bd2 Be6 19. Bg4 Bxg4 20. Nxg4 Bd6 21. Ne3 Nf4 22. Qg4 Re6 23. g3 Qb6 24. Nc4 Qxd4 25. Bxf4 h5 26. Qd1 Qxd1 27. Raxd1 Bxf4 28. gxf4 Rf6 29. f3 b5 30. Ne5 Rxf4 31. fxe4 Rxe4 32. Nxf7 Re2 33. a4 bxa4 34. bxa4 Re4 35. a5 Rg4+ 36. Kh1 Ra4 37. Rf5 g6 38. Rg1 Kh7 39. Rf6 Rxa5 40. Rfxg6 1-0

[Event "Titled Tuesday intern op 26th Sep Early"]
[Site "Chess.com INT"]
[Date "2023.09.26"]
[Round "6"]
[White "Abbasi Abeluie, Mohammad Mehdi"]
[Black "Baziuk, Vladyslav"]
[Result "1-0"]
[WhiteElo "2117"]
[BlackElo "2211"]
[PlyCount "93"]
[EventDate "2023.09.26"]
[EventType "swiss (blitz)"]
[EventRounds "11"]
[EventCountry "USA"]
[SourceTitle "EXT 2024"]
[Source "ChessBase"]
[SourceDate "2023.10.10"]
[SourceVersion "1"]
[SourceVersionDate "2023.10.10"]
[SourceQuality "1"]

1. c4 c5 2. Nf3 Nc6 3. b3 d6 4. Bb2 e5 5. Nc3 g6 6. g3 Bg7 7. d3 Nge7 8. Bg2 0-0 9. 0-0 Rb8 10. Ne1 a6 11. Nc2 b5 12. Nd5 Nxd5 13. cxd5 Nd4 14. e3 Nxc2 15. Qxc2 f5 16. Rac1 Bd7 17. f4 Rc8 18. fxe5 dxe5 19. Qe2 Qe7 20. e4 Bh6 21. Rce1 f4 22. gxf4 Bxf4 23. Bc1 g5 24. Qh5 c4 25. bxc4 bxc4 26. Bxf4 gxf4 27. dxc4 Rxc4 28. Bh3 Be8 29. Qf3 Kh8 30. Kh1 Rc2 31. Rc1 Rxa2 32. Bf5 Qh4 33. Qh3 Qxh3 34. Bxh3 Bb5 35. Rfe1 f3 36. Bf1 Bd7 37. Re3 Bg4 38. h3 Bh5 39. d6 Rd2 40. Rd3 Rxd3 41. Bxd3 f2 42. d7 Bf3+ 43. Kh2 Kg7 44. Rc8 Bxe4 45. Rxf8 Kxf8 46. d8Q+ Kg7 47. Qe7+ 1-0